00470nam a2200145 i 450000100060000000300090000600700030001500800410001810000200005924501420007926000340022130000220025570000150027785200320029289870ES-MaACLt|050114s1984 xxr ||||1| spa d1 aLatíshina, D.13aLa escuela primaria soviética b: problemas de la enseñanza y la educación / cD. Latíshina ; [traducido del ruso por M. Ciutat]. aMoscú : bProgreso, c1984. a229 p. ; c21 cm.1 aCiutat, M. aES-MaACLjL-9964 bR.111600